Behind the mask on sexual demons, sacred mothers, transvestites, gangsters and other Japanese cultural heroes

Gespeichert in:
Bibliographische Detailangaben
1. Verfasser: Buruma, Ian
Format: Buch
Sprache:Englisch
Veröffentlicht: New York New American Library 1985
Schlagworte:
Tags: Tag hinzufügen
Keine Tags, Fügen Sie das erste Tag hinzu!

MARC

LEADER 00000nam$a2200000$$$4500
001 0033780
005 20221205071739.5
020 |a 0-452-00738-0 
041 0 |a eng 
044 |a US 
245 1 0 |a Behind the mask  |b on sexual demons, sacred mothers, transvestites, gangsters and other Japanese cultural heroes  |c Ian Buruma 
264 1 |a New York  |b New American Library  |c 1985 
300 |a xiii, 242 s. 
610 2 0 |a Japonsko 
610 2 0 |a kultúra 
610 2 0 |a zvyklosti kultúrne 
100 1 |a Buruma, Ian